| 000 | 00470nam a2200181Ia 4500 | ||
|---|---|---|---|
| 003 | GCL | ||
| 008 | 140319s9999 xx 000 0 ara d | ||
| 040 |
_aGCL / _cGCL |
||
| 082 | 0 | 4 |
_aد _b050 |
| 100 | 1 | _aسليم سعدة | |
| 245 | 1 | 0 |
_aفولتير ( اقرا 72) / _cسليم سعدة |
| 300 | _a126 ص | ||
| 490 |
_aوثائق ونصوص _v0 |
||
| 650 | 0 | 4 | _aالفلاسفة |
| 650 | 0 | 4 | _aفولتير |
| 650 | 0 | 4 | _aالفلسفة - تراجم |
| 942 |
_2ddc _cCF |
||
| 999 |
_c27211 _d27211 |
||